Asas pembinaan rumah

Bibliographic Details
Main Author: Hamidon Abdul Ralim
Format: Book
Published: Kuala Lumpur : Dewan Bahasa dan Pustaka , 1988
Subjects:

MARC

LEADER 00000cam a2200000 7i4500
001 0000001283
005 20050615.0
020 |a 9536205462 
040 |a INS 
090 0 0 |a TH4811.   |b H35 1988 
100 1 |a Hamidon Abdul Ralim 
245 1 0 |a Asas pembinaan rumah   |c Hamidon Abdul Ralim 
260 |a Kuala Lumpur :   |b Dewan Bahasa dan Pustaka ,   |c 1988 
300 |a vii :   |b 79p. ;   |c 24 cm. 
500 |a Includes index 
650 0 0 |a Home economics   |x study and teaching 
999 |a 0000003279   |b BOOK   |c Open Shelf   |e Default branch